ISRN applied mathematics

Detalles Bibliográficos
Autor Corporativo: International Scholarly Research Network
Formato: Electrónico Revista
Lenguaje:inglés
Publicado: Egypt : Hindawi Pub. Corp., [2011]-
New York, NY : International Scholarly Research Network
Materias:
Acceso en línea:Full text available from Research Library: 01/01/2011 to 01/31/2014

MARC

LEADER 00000nas a2200000 a 4500
001 ssj0000651266
003 WaSeSS
005 20200512172242.0
006 m d
007 cr n
008 120106c20119999nyuar p s 0 0eng c
010 |a  2012261028 
016 7 |a 019296179  |2 Uk 
022 |a 2090-5572  |l 2090-5564 
035 |a (WaSeSS)ssj0000651266 
040 |a HNK  |b eng  |c HNK  |d HNK  |d CLU  |d OCLCQ  |d CUS  |d OCLCQ  |d OCLCF  |d OCLCQ  |d AU@  |d UKMGB  |d WaSeSS 
042 |a pcc 
050 1 4 |a QA1  |b .I84 
210 0 |a ISRN 
222 0 |a ISRN Applied Mathematics (Online) 
245 0 0 |a ISRN applied mathematics  |h [electronic resource]. 
246 1 |a International Scholarly Research Network applied mathematics 
246 1 |a Applied mathematics 
260 |3 <2011-> :  |a Egypt :  |b Hindawi Pub. Corp.,  |c [2011]- 
260 3 |3 <August 2012-> :  |a New York, NY :  |b International Scholarly Research Network 
362 1 |a Began with v. 2011 (2011). 
500 |a "ISRN is a division of Hindawi Publishing Corporation." 
506 |a License restrictions may limit access. 
515 |a Articles added consecutively to current annual volume. 
588 |a Description based on: Vol. 2011 (2011); title from journal information screen (publisher's Web site, viewed Jan. 6, 2012). 
588 |a Latest issue consulted: Vol. 2012 (2012) (ISRN, viewed Aug. 27, 2012). 
650 0 |a Mathematics  |v Periodicals. 
650 7 |a Mathematics.  |2 fast  |0 (OCoLC)fst01012163 
655 0 |a Electronic journals. 
710 2 |a International Scholarly Research Network. 
776 0 8 |i Print version:  |t ISRN applied mathematics  |x 2090-5564 
856 4 0 |z Full text available from Research Library: 01/01/2011 to 01/31/2014  |u https://search.proquest.com/publication/686348